000 00542nam a2200217 454500
001 081014
003 BD-ChCU
008 Eng
020 _ax
040 _aDLC
_cDLC
_dBD-ChCU
082 0 0 _a537/MIP
100 1 _aMillman,Jacob.
_bTaub,Herbert.
245 1 0 _aPulse digital and switching wavoforms
_bDevice and circuits for thiergeneration and processing
250 _ax
260 _aN.Y.
_bMcGraw-Hill,
_c1965
300 _axiv,958p.
504 _a
650 0 _aElectricity,
_bElectricity,
700 1 _ax
942 _2ddc
_cBK
999 _c81014
_d81014